Nákupní chování na trhu B2B

Pojem nákupný marketing. Voľba sourcingových stratégií. Analýza a voľba nákupného trhu. Voľba dodávateľa.

Salvato in:
Dettagli Bibliografici
Autore principale: Vávrová, Věra
Natura: Capitolo di libro
Lingua:ceco
Soggetti:
Tags: Aggiungi Tag
Nessun Tag, puoi essere il primo ad aggiungerne!!

MARC

LEADER 00000naa a2200000 4500
001 0157885
005 20231115065649.7
041 0 |a cze 
044 |a CZ 
245 1 0 |a Nákupní chování na trhu B2B  |c Věra Vávrová 
520 |a Pojem nákupný marketing. Voľba sourcingových stratégií. Analýza a voľba nákupného trhu. Voľba dodávateľa. 
610 2 0 |a marketing 
610 2 0 |a marketing nákupný 
610 2 0 |a trh nákupný 
610 2 0 |a riadenie procesné 
100 1 |a Vávrová, Věra